Znalostný manažment a jeho význam pre generovanie konkurenčnej výhody
Vymedzenie základných pojmov - znalosť, informácie, údaje a znalostná ekonomika. Rozdiely medzi informáciou a znalosťou z pohľadu manažmentu znalostí. Základné črty znalostnej ekonomiky. Konkurenčná výhoda v podmienkach znalostnej ekonomiky. Znalostný manažment. Situačná analýza v slovenských podnik...
Guardado en:
| Autor principal: | |
|---|---|
| Otros Autores: | |
| Formato: | Capítulo de libro |
| Lenguaje: | eslovaco |
| Materias: | |
| Etiquetas: |
Sin Etiquetas, Sea el primero en etiquetar este registro!
|
MARC
| LEADER | 00000naa$a2200000$$$4500 | ||
|---|---|---|---|
| 001 | 0018176 | ||
| 005 | 20240502071405.1 | ||
| 041 | 0 | |a slo | |
| 044 | |a SK | ||
| 245 | 1 | 0 | |a Znalostný manažment a jeho význam pre generovanie konkurenčnej výhody |c aut. Elvíra Dudinská, Rastislav Špavelko |
| 520 | |a Vymedzenie základných pojmov - znalosť, informácie, údaje a znalostná ekonomika. Rozdiely medzi informáciou a znalosťou z pohľadu manažmentu znalostí. Základné črty znalostnej ekonomiky. Konkurenčná výhoda v podmienkach znalostnej ekonomiky. Znalostný manažment. Situačná analýza v slovenských podnikoch. | ||
| 610 | 2 | 0 | |a spoločnosť vedomostná |
| 610 | 2 | 0 | |a výhody konkurenčné |
| 610 | 2 | 0 | |a história |
| 610 | 2 | 0 | |a pojmy |
| 610 | 2 | 0 | |a informácie |
| 610 | 2 | 0 | |a vedomosti |
| 610 | 2 | 0 | |a dáta |
| 610 | 2 | 0 | |a technológie informačné |
| 610 | 2 | 0 | |a technológie komunikačné |
| 610 | 2 | 0 | |a riadenie znalostí |
| 100 | 1 | |a Dudinská, Elvíra | |
| 700 | 1 | |a Špavelko, Rastislav | |